000 00508nam a2200217Ia 4500
003 OSt
005 20220918231440.0
006 a|||||r|||| 00| 0
007 ta
008 220917b |||||||| |||| 00| 0 eng d
024 _a285,155
037 _cTextual
040 _aARTS
_cARTS
_beng
041 _2eng
_aeng
082 _aYZwM58, K3
245 0 _aMaharshi karve his 105 years
260 _c1963
650 _aSOCIOLOGY
942 _hYZwM58, K3
_cTEXL
_2CC
999 _c291223
_d291223